| 000 | 01133nam a2200313 a 4500 | ||
|---|---|---|---|
| 001 | |||
| 003 | DO-SdBNP | ||
| 005 | 20220316085214.0 | ||
| 008 | 100211s2010 dr r 001 0 spa d | ||
| 020 | _a9789945020816 | ||
| 040 |
_aDO-SdBNP _bspa _cBPMSU |
||
| 082 |
_aRD868.4 _bD473o 2010 _222 |
||
| 100 | 1 |
_aDespradel Batista, Guido, _d1909-1959 |
|
| 245 | 1 | 0 |
_aObras / _cGuido Despradel Batista ; compilador Alfredo Rafael Hernández. |
| 260 |
_bArchivo General de la Nación, _aSanto Domingo : _c2010 |
||
| 300 |
_av. ; _c24 cm. |
||
| 490 | 0 |
_aArchivo General de la Nación _v86 |
|
| 500 | _aIncluye índice onomástico | ||
| 500 | _aIncluye datos biográficos del autor en las solapas | ||
| 500 | _aIncluye referencias bibliográficas y notas al pie de las páginas | ||
| 590 | _aInventariado, 2022/VM | ||
| 600 | 1 | 4 |
_aDespradel Batista, Guido _xColecciones de escritos _d1909-1959 |
| 650 | 4 | _aArtículos de prensa | |
| 650 | 4 | _aLiteratura dominicana. | |
| 700 | 1 |
_aHernández, Alfredo Rafael, _ecompilador |
|
| 710 | 2 | _aArchivo General de la Nación (República Dominicana) | |
| 910 | _aVMateo V. | ||
| 942 |
_2ddc _cBK |
||
| 999 |
_c14082 _d14082 |
||